| 000 | 00812nam a22002297a 4500 | ||
|---|---|---|---|
| 999 |
_c13878 _d13878 |
||
| 003 | AR-CdUCM | ||
| 008 | 190416b ||||| |||| 00| 0 spa d | ||
| 040 |
_aMUNICIPALIDAD PROVINCIAL DEL CUSCO _cBIBLIOTECA MUNICIPAL DEL CUSCO |
||
| 082 |
_aC / 985.61 / _bC79 |
||
| 100 |
_aCosio, José Gabriel _911720 |
||
| 245 | _aEl Cuzco histórico y monumental / | ||
| 260 |
_aCuzco : _bImcazteca, _c1924. |
||
| 300 |
_a119 páginas ; _c17 cm. |
||
| 505 | _aÉpoca pre incaica -- Época incaica -- Época colonial --Indicaciones previas -- La merced... | ||
| 650 |
_aCusco. _9772 |
||
| 650 |
_aHistoria del cusco. _91714 |
||
| 650 |
_aTemplos. _932481 |
||
| 650 |
_aLugares turísticos. _930586 |
||
| 856 |
_uhttp://191.97.49.171:85/items/show/155 _zLeer en digital |
||
| 942 |
_2ddc _cLIBROS |
||
| 945 |
_awfj _d2019-04-16 |
||